Statistics for ③関東編 JR定期特急停車駅

Click here to take the quiz!

General Stats

  • This quiz has been taken 85 times
  • The average score is 112 of 133

Answer Stats

AnswerHint% Correct
品川〇 | ひたち 〇  ときわ 〇 | サンライズ以外が停車
100%
東京〇 | あずさ、かいじ 乗り入れあり | ひたち 〇  ときわ 〇
97%
水戸ひたち 〇  ときわ 〇
95%
上野〇 | ひたち 〇  ときわ 〇
95%
日立ひたち 〇  ときわ 〇
94%
新宿〇 | あかぎ のみ乗り入れあり | 新宿行きが乗り入れ | 湘南 乗り入れあり
94%
池袋〇 | あかぎ のみ乗り入れあり
92%
土浦ひたち ▲  ときわ 〇
92%
横浜大船行きが乗り入れ | 湘南 通過
91%
立川
91%
大宮
91%
ひたち ▲  ときわ 〇
91%
千葉〇 | あずさ、富士回遊 乗り入れあり | 一部停車
91%
八王子〇 | はちおうじ 乗り入れ
91%
小田原湘南・踊り子 停車
89%
高崎〇(両方とも)
89%
銚子
89%
高萩ひたち ▲  ときわ 〇
89%
藤沢湘南 停車
89%
浦和〇 | あかぎ 一部通過
89%
渋谷新宿行きが乗り入れ | 湘南 乗り入れあり
89%
大船大船行きが乗り入れ | 湘南の一部・踊り子全てが停車
89%
成田空港
89%
赤羽あかぎ 一部通過
89%
川崎踊り子 停車
89%
成田一部停車
89%
勝田ひたち 〇  ときわ 〇
88%
熊谷
88%
平塚湘南 一部停車
88%
錦糸町〇 | あずさ、富士回遊 乗り入れあり
88%
船橋〇 | あずさ、富士回遊 乗り入れあり
88%
四街道一部停車
88%
茅ヶ崎湘南 停車
88%
新橋湘南の一部が停車
88%
安房鴨川
88%
鬼怒川温泉東武鉄道の駅・「きぬがわ」停車駅
88%
佐倉〇 | 一部停車
86%
海浜幕張一部停車
86%
青梅おうめ 乗り入れ
86%
蘇我
86%
君津
86%
湯河原踊り子 停車
86%
ひたち野うしくひたち ✕  ときわ ▲
86%
牛久ひたち ✕  ときわ ▲
86%
日暮里ひたち ✕  ときわ ▲
86%
二宮湘南 一部停車
85%
長野原草津口〇(草津・四万)
85%
友部ひたち ✕  ときわ 〇
85%
木更津
85%
上尾あかぎ のみ停車
85%
大網
85%
東武日光東武鉄道の駅・「スペーシア日光」停車駅
85%
本庄
85%
深谷あかぎ のみ停車
85%
国府津湘南 一部停車
85%
上総一ノ宮
83%
大崎湘南 乗り入れあり
83%
拝島おうめ 乗り入れ
83%
戸塚大船行きが乗り入れ
83%
下今市東武鉄道の駅
83%
武蔵小杉大船行きが乗り入れ
82%
新前橋〇(草津・四万)
82%
桶川あかぎ のみ停車
82%
勝浦
82%
成東
82%
渋川〇(草津・四万)
82%
鴻巣あかぎ のみ停車
80%
龍ヶ崎市ひたち ✕  ときわ ▲
80%
茂原
80%
北本あかぎ のみ停車
80%
石岡ひたち ✕  ときわ 〇
80%
松田
78%
荒川沖ひたち ✕  ときわ ▲
78%
78%
五井
78%
栃木東武鉄道の駅
78%
八街
77%
本厚木
77%
辻堂湘南 一部停車
75%
大原
75%
東海ひたち ▲  ときわ ▲
75%
姉ヶ崎
74%
東武ワールドスクウェア東武鉄道の駅・「きぬがわ」停車駅
74%
赤塚ひたち ✕  ときわ ▲
74%
新鹿沼東武鉄道の駅
72%
大甕ひたち ▲  ときわ 〇
72%
新町あかぎ のみ停車
72%
相模大野
72%
河辺おうめ 乗り入れ
71%
新百合ヶ丘
69%
空港第2ビル
68%
常陸多賀ひたち ▲  ときわ 〇
68%
中之条〇(草津・四万)
66%
秦野
65%
八日市場
65%
安房小湊
63%
土気一部停車
62%
横芝
62%
御宿
60%
磯原ひたち ▲
55%
飯岡
51%
上総興津一部停車
37%

Score Distribution

Percentile by Number Answered

Percent of People with Each Score

Your Score History

You have not taken this quiz